000 00256nam a2200109Ia 4500
008 220120s9999||||xx |||||||||||||| ||und||
020 _a9788176211970
100 _aRontny
245 0 _aLast minuite study tips
260 _bNew Delhi
300 _a231p.
_b250
999 _c136487
_d136487